00828 2200301 4500001002100000005001500021020002200036035002400058040001200082082001800094084001800112090001800130100002100148245010400169250001000273260003200283300003100315650003100346700002300377700001500400850001200415990001600427990001600443990001600459990001700475990001700492990001700509YOGYA00000000010026120140823125341 a978-602-8811-24-8 0010-111300000000377 aYOPDYOG 2[22]a899.223 a899.223 Dum C a899.223 Dum C aDUMAS, ALEXANDRE aThe Count of monte visto/cAlexandre Dumas ; penerjemah Nin Bakdi Soenanto ; penyunting Dhewiberta. aCet.2 aYogyakarta:bBentang,c2011 a563 hlm.;c24 cm. (3 eks.) aFiksi Indonesia-terjemahan aNin Bakdi Soenanto aDhewiberta aYOPDYOG a3840/B.2013 a3841/B.2013 a3842/B.2013 a3841-PD/B.13 a3840-PD/B.13 a3842-PD/B,13